Phương pháp dạy dấu câu Tiếng Việt ở trường phổ thông

Na minha lista:
Detalhes bibliográficos
Autor principal: Nguyễn, Xuân Khoa
Formato: Livro
Idioma:Undetermined
Publicado em: H. Giáo dục 1996
Assuntos:
Acesso em linha:http://lrc.tdmu.edu.vn/opac/search/detail.asp?aID=2&ID=7115
Tags: Adicionar Tag
Sem tags, seja o primeiro a adicionar uma tag!
Thư viện lưu trữ: Trung tâm Học liệu Trường Đại học Thủ Dầu Một
LEADER 00660nam a2200193Ia 4500
001 TDMU_7115
008 210410s9999 xx 000 0 und d
082 |a 495.922 
090 |b NG527 
100 |a Nguyễn, Xuân Khoa 
245 0 |a Phương pháp dạy dấu câu Tiếng Việt ở trường phổ thông 
245 0 |c Nguyễn Xuân Khoa 
260 |a H. 
260 |b Giáo dục 
260 |c 1996 
300 |a 192tr 
650 |a Tiếng Việt; Phương pháp giảng dạy 
856 |u http://lrc.tdmu.edu.vn/opac/search/detail.asp?aID=2&ID=7115 
980 |a Trung tâm Học liệu Trường Đại học Thủ Dầu Một